| 000 | 00824 a2200193 4500 | ||
|---|---|---|---|
| 008 | 080820t xxu||||| |||| 00| 0 eng d | ||
| 010 | _aENG-84833 | ||
| 020 |
_a. _c110.00 |
||
| 035 | _aEN-68366 | ||
| 037 | _bD.B.Act / Pub | ||
| 082 | _a658.7 | ||
| 100 | _aAppannaiah, H. R. | ||
| 245 |
_aEssentials of business communication-I _cby H. R. Appannaiah and P. N. Reddy _bincluding skill development |
||
| 260 |
_aMumbai _bHimalaya Publishing House _c2006 |
||
| 270 |
_aRamdoot, Dr Bhalerao Marg, Girgaon, _bMumbai _cMaharashtra _e400034 _k23860170 _mhimpub@vsnl.net.in |
||
| 300 |
_a182 p. ; _c24 cm. (Pbk) |
||
| 942 |
_adpl _cEN _k651.7 / APP _2ddc _h651.7 _mAPP |
||
| 999 |
_c528 _d528 |
||